Т. 14; Механика жидкости и газа

Bibliographic Details
Parent link:Механика жидкости и газа/ Академия наук СССР (АН СССР), Всесоюзный институт научной и технической информации (ВИНИТИ). Т. 14.— , 1966-1991.— 0202-781X
Other Authors: Михайлов А. И. (редактор)
Language:Russian
Published: 1981
Subjects:
Format: Book
KOHA link:https://koha.lib.tpu.ru/cgi-bin/koha/opac-detail.pl?biblionumber=100013

MARC

LEADER 00000nam2a2200000 4500
001 100013
005 20231101214304.0
035 |a (RuTPU)RU\TPU\book\107576 
035 |a RU\TPU\book\107575 
090 |a 100013 
100 |a 20060808d1981 k y0rusy50 ca 
101 0 |a rus 
102 |a RU 
105 |a y z 001zy 
200 0 |a Т. 14 
210 |d 1981 
215 |a 208 с. 
320 |a Библиография в конце статей 
461 1 |0 (RuTPU)RU\TPU\book\44304  |x 0202-781X  |t Механика жидкости и газа  |f Академия наук СССР (АН СССР), Всесоюзный институт научной и технической информации (ВИНИТИ)  |v Т. 14  |d 1966-1991  |s Механика жидкости и газа 
606 1 |a Механика жидкости и газа  |2 stltpush  |3 (RuTPU)RU\TPU\subj\72052  |9 85655 
610 1 |a жидкость 
610 1 |a газ 
610 1 |a разреженные газы 
610 1 |a аналитические методы 
610 1 |a математические задачи 
610 1 |a низкотемпературная плазма 
610 1 |a механика 
675 |a 532  |v 3 
702 1 |a Михайлов  |b А. И.  |4 340 
801 1 |a RU  |b 63413507  |c 20060808  |g PSBO 
801 2 |a RU  |b 63413507  |c 20180926  |g PSBO 
942 |c BK